Normal view
MARC view
- TOGELIUS,GEORGIOS
Entry Personal Name
001 - CONTROL NUMBER
- control field: 90800
003 - CONTROL NUMBER IDENTIFIER
- control field: NUST
005 - DATE AND TIME OF LATEST TRANSACTION
- control field: 20220404114108.0
008 - FIXED-LENGTH DATA ELEMENTS
- fixed length control field: 220404|| aca||aabn | a|a d
040 ## - CATALOGING SOURCE
- Original cataloging agency: NUST
- Transcribing agency: NUST
100 ## - HEADING--PERSONAL NAME
- Personal name: TOGELIUS,GEORGIOS
670 ## - SOURCE DATA FOUND
- Source citation: Work cat.: (NUST): TOGELIUS,GEORGIOS., ARTIFICIAL INTELLIGENCE AND GAMES /, 2018.
